Responses for Show #7774 - Thursday, May 31, 2018

Contestants

[<< previous game]

Skyler Kelemen, a healthcare data analyst from Watertown, Massachusetts

Maryanne Theyerl, a veterinarian from Loves Park, Illinois

Jeffrey Schwarz, a private investor from New York, New York (whose 2-day cash winnings total $52,500)

[next game >>]

Jeopardy! Round responses

BOOKS OF THE 1990s
TV & MOVIE COMMON BONDS
ADJECTIVES
MISCELLANEOUS
YOU SHALL NOT PASS!
FLY, YOU FOOLS!
    $200 26
Jack Ryan

Skyler
    $200 1
The Tonight Show

Maryanne
    $200 3
burly

Jeffrey
    $200 9
Siri

Skyler
    $200 15
the eye test (or the vision test)

Maryanne
    $200 4
the Mojave

Maryanne
    $400 27
Pope John Paul II

Maryanne
    $400 2
Disney princesses

Triple Stumper
    $400 16
unsinkable

Maryanne
    $400 10
a sari

Jeffrey
    $400 22
(Maryanne: What is pH? ...What is [*]?)
(Alex: Thank you!)

a litmus test

Maryanne
    $400 5
Australia

Jeffrey
    $600 28
[The end-of-round signal sounds.]

Jackie Collins

Triple Stumper
    $600 14
maids (or housekeepers)

Skyler
    $600 17
perishable

Skyler
    $600 11
Suri

Skyler
    $600 23
(Jeffrey: What are Navy SEALs?)

Army Rangers

JeffreySkyler
    $600 6
the Bering Strait

Jeffrey
    $800 20
vampires

Skyler
    $800 18
penultimate

Maryanne
    $800 12
(Alex: Yes, have you noticed a pattern in this category?)

a surrey

Jeffrey
    $2,000 24
(Alex: [Before Skyler wagers] You're in the lead, Skyler. But before I ask you to make your wager, just to show you how fast our research team is, for you and for Maryanne, opalescent and luminescent did not satisfy the first part of that clue a few moments ago, "from the Latin word for 'rainbow'".)
...
(Alex: Less than a minute now.)

Louisiana

Skyler
    $800 7
Newark

Skyler
    $1000 21
cars

Skyler
    $1000 19
(Maryanne: What is opalescent?)
(Skyler: What is luminescent?)
...
(Alex: What is [*]? But I have news for you. We're gonna check both of your responses.)

iridescent

MaryanneSkyler
Triple Stumper
    $1000 13
a surah

Jeffrey
    $1000 25
the Turing test

Jeffrey
    $1000 8
the Khyber Pass

Skyler

Scores at the first commercial break (after clue 15):

Jeffrey Maryanne Skyler
$3,400 $600 $3,200

Scores at the end of the Jeopardy! Round:

Jeffrey Maryanne Skyler
$3,800 $1,600 $7,400

Double Jeopardy! Round responses

ARCHITECTURE WORDS
HEY, SLIM
LAND
COMIC BOOKS WITHOUT CAPES
ON "MARS"
MONARCHS FLUTTER BY
    $400 23
(Maryanne: What are yurts?)

chalets

MaryanneSkyler
    $400 11
Eminem

Jeffrey
    $400 12
keys

Skyler
    $400 10
Gumby

Maryanne
    $400 1
marsupials

Jeffrey
    $400 2
(Jeffrey: Who is Louis XV?)

Louis XVI

JeffreyMaryanne
    $800 13
(Maryanne: What is A Clockwork Orange?)
(Jeffrey: What is Dr. Strangelove and How I Learned to Love the Bomb?)

Dr. Strangelove

JeffreyMaryanneSkyler
    $800 16
acres

Jeffrey
    $800 14
a samurai

Maryanne
    $800 3
marshal

Skyler
    $3,000 5
George III

Jeffrey
    $1200 21
poker

Maryanne
    $1200 17
(Jeffrey: What are The Pioneers?)
(Maryanne: What is O Pioneer!?)

O Pioneers!

JeffreyMaryanne
Triple Stumper
    $1200 15
omnibus

Triple Stumper
    $1200 4
(Skyler: What is "La Marseilles"?)

"La Marseillaise"

JeffreySkyler
    $1200 6
King Saul

Jeffrey
    $1600 22
(Alex: Less than a minute now.)

Slim Goodbody

Triple Stumper
    $1600 19
a spit

Skyler
    $1600 24
Love and Rockets

Triple Stumper
    $1600 8
marshmallows

Skyler
    $1600 7
Sweden

Maryanne
    $3,000 27
(Skyler: What are frets?)
...
[The end-of-round signal sounds.]

fluting

Skyler
    $2000 26
Fatboy Slim

Skyler
    $2000 20
the Homestead Act

Jeffrey
    $2000 25
Saga

Skyler
    $2000 9
Marsala

Skyler
    $2000 18
Morocco

Jeffrey

Scores at the end of the Double Jeopardy! Round:

Jeffrey Maryanne Skyler
$12,400 $3,600 $14,800

[wagering suggestions for these scores]

Final Jeopardy! Round responses

CURRENCY
MaryanneWho is Gaia Hera?
$3,200
JeffreyWho is Demeter
$2,600
SkylerWho is Hera?
$10,001
Europa

Final scores:

Jeffrey Maryanne Skyler
$9,800 $400 $4,799
3-day champion: $62,300 3rd place: $1,000 2nd place: $2,000

Game dynamics:

Coryat scores:

Jeffrey Maryanne Skyler
$10,200 $3,600 $16,600
15 R
(including 1 DD),
4 W
12 R,
4 W
20 R
(including 1 DD),
3 W
(including 1 DD)

Combined Coryat: $30,400

[game clues] [game scores] [suggest correction]

Game tape date: 2018-02-07
The J! Archive is created by fans, for fans. Scraping, republication, monetization, and malicious use prohibited; this site may use cookies and collect identifying information. See terms. The Jeopardy! game show and all elements thereof, including but not limited to copyright and trademark thereto, are the property of Jeopardy Productions, Inc. and are protected under law. This website is not affiliated with, sponsored by, or operated by Jeopardy Productions, Inc. Join the discussion at JBoard.tv.